Исследование влияния длительного введения водорастворимых полисахаридов аира болотного (Acorus calamus L.) на состояние внутренних органов лабораторных животных (патоморфологические аспекты); Бюллетень сибирской медицины; Т. 9, № 3

Bibliographische Detailangaben
Parent link:Бюллетень сибирской медицины: научный журнал.— , 2001-
Т. 9, № 3.— 2010.— [С. 57-64]
Weitere Verfasser: Гурьев А. М. Артем Михайлович, Белоусов М. В. Михаил Валерьевич, Ахмеджанов Р. Р. Рафик Равильевич, Юсубов М. С. Мехман Сулейман-оглы (Сулейманович), Чурин А. А., Фомина Т. И. Татьяна Ивановна, Карпова Г. В.
Zusammenfassung:Заглавие с экрана
Проведено исследование влияния суммы водорастворимых полисахаридов (ВРПС), выделенных из корневищ аира болотного (Acorus calamus L.) на состояние внутренних олрганов крыс и кроликов при длительном парентеральном введении. Введение ВРПС крысам внутрибрюшинно в дозах 20, 100 и 200 мг/кг массы тела в течение 3 мес. и кроликам внутривенно в дозах 25 и 50 мг/кг массы тела в течение 1 мес. не вызывает каких-либо патологических изменений морфологии их внутренних органов и систем.
The influence of the sum of water-soluble polysaccharides (WSPSs) extracted from sedge (Acorus calamus L.) rhizomes on the state of internal organs of rats and rabbits at a long parenteral administration has been studied. The intraperitoneal WSPS introduction to rats in doses of 20, 100, and 200 mg/kg of body mass for 3 months and the intravenous WSPS introduction to rabbits in doses of 25 and 50 mg/kg of body mass for 1 months caused no pathological changes in the morphology of internal organs and systems.
Режим доступа: по договору с организацией-держателем ресурса
Sprache:Russisch
Veröffentlicht: 2010
Schlagworte:
Online-Zugang:http://old.ssmu.ru/bull/10/03/08.pdf
http://elibrary.ru/item.asp?id=15101876
Format: Elektronisch Buchkapitel
KOHA link:https://koha.lib.tpu.ru/cgi-bin/koha/opac-detail.pl?biblionumber=646944

MARC

LEADER 00000naa0a2200000 4500
001 646944
005 20250203143235.0
035 |a (RuTPU)RU\TPU\network\12081 
035 |a RU\TPU\network\12074 
090 |a 646944 
100 |a 20160321d2010 k||y0rusy50 ca 
101 0 |a rus 
102 |a RU 
135 |a drcn ---uucaa 
181 0 |a i  
182 0 |a b 
200 1 |a Исследование влияния длительного введения водорастворимых полисахаридов аира болотного (Acorus calamus L.) на состояние внутренних органов лабораторных животных (патоморфологические аспекты)  |d A investigation of the influence of water-soluble polysaccharides of calamus root (Acorus calamus L.) introduction on the functions of experimental animals (pathomorphological aspects)  |f А. М. Гурьев [и др.] 
203 |a Текст  |c электронный 
300 |a Заглавие с экрана 
320 |a [Библиогр.: с. 64 (12 назв.)] 
330 |a Проведено исследование влияния суммы водорастворимых полисахаридов (ВРПС), выделенных из корневищ аира болотного (Acorus calamus L.) на состояние внутренних олрганов крыс и кроликов при длительном парентеральном введении. Введение ВРПС крысам внутрибрюшинно в дозах 20, 100 и 200 мг/кг массы тела в течение 3 мес. и кроликам внутривенно в дозах 25 и 50 мг/кг массы тела в течение 1 мес. не вызывает каких-либо патологических изменений морфологии их внутренних органов и систем. 
330 |a The influence of the sum of water-soluble polysaccharides (WSPSs) extracted from sedge (Acorus calamus L.) rhizomes on the state of internal organs of rats and rabbits at a long parenteral administration has been studied. The intraperitoneal WSPS introduction to rats in doses of 20, 100, and 200 mg/kg of body mass for 3 months and the intravenous WSPS introduction to rabbits in doses of 25 and 50 mg/kg of body mass for 1 months caused no pathological changes in the morphology of internal organs and systems. 
333 |a Режим доступа: по договору с организацией-держателем ресурса 
461 |t Бюллетень сибирской медицины  |o научный журнал  |d 2001- 
463 |t Т. 9, № 3  |v [С. 57-64]  |d 2010 
510 1 |a A investigation of the influence of water-soluble polysaccharides of calamus root (Acorus calamus L.) introduction on the functions of experimental animals (pathomorphological aspects)  |z eng 
610 1 |a труды учёных ТПУ 
610 1 |a электронный ресурс 
610 1 |a полисахариды 
610 1 |a внутренние органы 
610 1 |a эксперименты 
610 1 |a животные 
610 1 |a лекарственные растения 
610 1 |a аир болотный 
610 1 |a токсичность 
610 1 |a water-soluble polysaccharides 
610 1 |a internal organs 
610 1 |a pathomorphology 
701 1 |a Гурьев  |b А. М.  |g Артем Михайлович 
701 1 |a Белоусов  |b М. В.  |c химик  |c профессор Томского политехнического университета, доктор фармацевтических наук  |f 1963-  |g Михаил Валерьевич  |3 (RuTPU)RU\TPU\pers\44498  |9 21812 
701 1 |a Ахмеджанов  |b Р. Р.  |c специалист в области экологии и безопасности жизнедеятельности  |c профессор Томского политехнического университета, доктор биологических наук  |f 1964-  |g Рафик Равильевич  |3 (RuTPU)RU\TPU\pers\27757  |9 12818 
701 1 |a Юсубов  |b М. С.  |c химик  |c профессор Томского политехнического университета, доктор химических наук  |f 1961-  |g Мехман Сулейман-оглы (Сулейманович)  |3 (RuTPU)RU\TPU\pers\28058  |9 13020 
701 1 |a Чурин  |b А. А. 
701 1 |a Фомина  |b Т. И.  |g Татьяна Ивановна 
701 1 |a Карпова  |b Г. В. 
801 2 |a RU  |b 63413507  |c 20200827  |g RCR 
856 4 0 |u http://old.ssmu.ru/bull/10/03/08.pdf 
856 4 |u http://elibrary.ru/item.asp?id=15101876 
942 |c CF